Dějiny hudby

Bibliographic Details
Main Authors: Bártová, Jindra (Author), Schnierer, Miloš (Author), Zouharová, Věra, 1928-2015 (Author)
Format: Book
Language:Czech
PhysicalDescription:187 s. 20 cm
Published: České Budějovice Jihočeská univerzita 1995
ISBN:8070401311
Edition:3. upr. vyd.
Subjects:

MARC

LEADER 00000nam a2200000 a 4500
001 vtls001182677
003 SK-MaSNL
005 20260301154311.0
008 251124s1995 xr 0 cze
020 |a 8070401311 
035 |a SNK000125724 
040 |a SNK  |b slo  |c SNK  |e AACR2 
044 |a xr  |c CZ 
080 |a 78(091)(075.8)  |2 1981 
100 1 |a Bártová, Jindra  |4 aut  |9 517027 
245 0 |a Dějiny hudby  |c Jindra Bártová, Miloš Schnierer, Věra Zouharová 
250 |a 3. upr. vyd. 
260 |a České Budějovice  |b Jihočeská univerzita  |c 1995 
300 |a 187 s.  |c 20 cm 
500 |a Dotlač 3. vyd. - r. 1997 
650 0 7 |a dejiny hudby  |2 SNK  |9 3387 
700 1 |a Schnierer, Miloš  |4 aut  |9 517028 
700 1 |a Zouharová, Věra,  |d 1928-2015  |4 aut  |9 224365 
919 |a 80-7040-131-1 
999 |c 796331  |d 798261 
952 |t P60, <04>, [BOOK], {604}  |a SNK  |b SNK  |y VYP  |7 0  |p 17A0002044  |o snkID 95415  |i snkKIP 40/96  |0 0  |1 0  |4 0  |d 1996-04-01  |l 0  |r 2005-01-01 00:00:00  |w 2026-02-24